Analýza verejne dostupných informácií v účtovnej závierke podnikateľov podľa právnej úpravy v SR bakalárska práca

Na minha lista:
Detalhes bibliográficos
Autor principal: Mišová, Eva Mária
Autor Corporativo: Fakulta hospodárskej informatiky EU. Katedra účtovníctva a audítorstva
Outros Autores: Benko, Ján
Formato: Livro
Idioma:eslovaco
Publicado em: Bratislava 2018
Tags: Adicionar Tag
Sem tags, seja o primeiro a adicionar uma tag!

MARC

LEADER 00000nbm a2200000 4500
001 0245319
005 20181106083800.1
041 0 |a slo 
044 |a SK 
245 1 0 |a Analýza verejne dostupných informácií v účtovnej závierke podnikateľov podľa právnej úpravy v SR  |b bakalárska práca  |c Eva Mária Mišová ; školiteľ: Ján Benko 
264 1 |a Bratislava  |c 2018 
300 |a 51 s. 
100 1 |a Mišová, Eva Mária 
700 1 |a Benko, Ján 
710 2 |a Fakulta hospodárskej informatiky EU. Katedra účtovníctva a audítorstva